000 00750cam1a220024100 4500
001 qce00957503
005 20190815105916.0
008 750318s1950 wlkab b 000 0 eng u
010 _a 52027323
035 _a(Sirsi) r34843
035 _a(QCAT)lss00768330
035 _a(UPRA)qce00957503
040 _dUPRA
050 _aHC257.W3
_bJ6
082 _a338
100 1 _aJohn, Arthur Henry.
_6A97921.1
245 1 4 _aThe industrial development of South Wales, 1750-1850 :
_ban essay.
260 _aCardiff :
_bUniversity of Wales Press,
_c1950.
504 _aBibliography: p. 193-194.
650 0 _aIndustries -- Wales, South.
_zIndustries -- Wales, South.
_6S70668.1
949 _aHC257.W3
_wlcc
_i-41043
_mMAIN
_tBOOK
_lON-SHELF
004 34843
999 _c68657
_d68657